000 00897nam a22003377a 4500
003 DO-SdBNP
005 20180212132436.0
008 180212b 1192 sp a| 00| 0 spa d
015 _a
017 _a
_b
020 _a9788434808986
035 _a
040 _aBPMSU
_bspa
_cBPMSU
_e
080 _a
082 4 _axxxx
_bxxxx
100 1 _aVásquez Vigo, Carmen
_d1923-
245 1 0 _aCaramelos de menta /
_cCarmen Vásquez Vigo
_h
250 _a28a. ed.
260 _aMadrid :
_bSm,
_c1997.
300 _a132 p. :
_bil.
_c19 cm.
490 1 _aEl barco de vapor
_v2
490 1 _aAzul
521 _aA partir de 7 años.
586 _aPremio Doncel de novela juvenil, 1971-1972
586 _aPremio Lazarillo, 1973
830 0 _aEl barco de vapor
_n2
830 0 _aAzul
942 _2ddc
_cBK
945 _aInventariado, 2018 / BT
956 _aBTAVAREZ
_b10
_d20180212
_fBPMSU
_h0038
999 _c13284
_d13284